|
|
|
|
| LEADER |
01490cas a2200253 a 4500 |
| 001 |
AALejournalIMF010045 |
| 008 |
230101c9999 xx r poo 0 0eng d |
| 020 |
|
|
|c 5.00 USD
|
| 020 |
|
|
|z 9781451961393
|
| 022 |
|
|
|a 1018-5941
|
| 040 |
|
|
|a BD-DhAAL
|c BD-DhAAL
|
| 110 |
2 |
|
|a International Monetary Fund.
|
| 245 |
1 |
0 |
|a Exchange Rate Fluctuations, Pass-Through, and Market Share.
|
| 264 |
|
1 |
|a Washington, D.C. :
|b International Monetary Fund,
|c 1989.
|
| 300 |
|
|
|a 1 online resource (24 pages)
|
| 490 |
1 |
|
|a IMF Working Papers
|
| 500 |
|
|
|a <strong>Off-Campus Access:</strong> No User ID or Password Required
|
| 500 |
|
|
|a <strong>On-Campus Access:</strong> No User ID or Password Required
|
| 506 |
|
|
|a Electronic access restricted to authorized BRAC University faculty, staff and students
|
| 520 |
3 |
|
|a When the exchange rate fluctuates and the market exhibits hysteresis, planning horizons of domestic and foreign competitors will matter in determining pass-through as well as relative market shares of these firms. Using the Cournot duopoly model, it is shown that if the foreign exporter is a long-term maximizer relative to the domestic firm, pass-through will be lower and average export penetration higher than otherwise.
|
| 538 |
|
|
|a Mode of access: Internet
|
| 651 |
|
7 |
|a United States
|2 imf
|
| 830 |
|
0 |
|a IMF Working Papers; Working Paper ;
|v No. 1989/067
|
| 856 |
4 |
0 |
|z Full text available on IMF
|u http://elibrary.imf.org/view/journals/001/1989/067/001.1989.issue-067-en.xml
|z IMF e-Library
|